Times Up (Record no. 226930)
[ view plain ]
| 000 -LEADER | |
|---|---|
| fixed length control field | 01623nam a22002537a 4500 |
| 005 - DATE AND TIME OF LATEST TRANSACTION | |
| control field | 20260129113913.0 |
| 008 - FIXED-LENGTH DATA ELEMENTS--GENERAL INFORMATION | |
| fixed length control field | 230307b ||||| |||| 00| 0 eng d |
| 020 ## - INTERNATIONAL STANDARD BOOK NUMBER | |
| International Standard Book Number | 9789351485711 |
| 040 ## - CATALOGING SOURCE | |
| Transcribing agency | AL |
| 041 ## - LANGUAGE CODE | |
| Language code of text/sound track or separate title | English |
| 082 ## - DEWEY DECIMAL CLASSIFICATION NUMBER | |
| Edition number | 23 |
| Classification number | 115 |
| Item number | PANT |
| 100 ## - MAIN ENTRY--PERSONAL NAME | |
| Personal name | Kuruvilla Pandikattu |
| 100 ## - MAIN ENTRY--PERSONAL NAME | |
| 9 (RLIN) | 253096 |
| 245 ## - TITLE STATEMENT | |
| Title | Times Up |
| Remainder of title | : The Story of Time Weaving Physics and Philosophy |
| 260 ## - PUBLICATION, DISTRIBUTION, ETC. | |
| Place of publication, distribution, etc. | Delhi |
| Name of publisher, distributor, etc. | Christian World Imprints |
| Date of publication, distribution, etc. | 2021 |
| 300 ## - PHYSICAL DESCRIPTION | |
| Extent | 167p |
| Other physical details | HB |
| Dimensions | 23x15cm |
| 365 ## - TRADE PRICE | |
| Price type code | 02302 |
| Currency code | ₹ |
| Unit of pricing | ₹600.00 |
| Price effective from | 01-12-2022 |
| 440 ## - SERIES STATEMENT/ADDED ENTRY--TITLE | |
| Title | JD Philosophy Series -19 |
| 9 (RLIN) | 74496 |
| 520 ## - SUMMARY, ETC. | |
| Summary, etc. | What is time? How does it originate? How will it end? Has it an end? What is its relation to life? Can we at all visualise life without time and time without life? Time and life are intimately interlinked. A modest attempt is made in this book to answer these significant questions from the perspective of science (physics), philosophy and theology. It is emphasised that time has a narrative (historical and fictive) function in our lives. This enables us to visualise time as constitutive us, including all our activities and non-activities. Thus times lives essentially in our human hearts. <br/>Contents <br/>Introduction: Mysterious Time <br/>1. Human Life: Paradoxical Time <br/>2. Time in Science: Physical Time <br/>3. Time in Western Philosophy <br/>4. Time in Indian Philosophy <br/>5. Ricoeur: Time in Narrative and Fiction <br/>6. Michael Ende: Lived Time in Our Hearts |
| 650 ## - SUBJECT ADDED ENTRY--TOPICAL TERM | |
| Topical term or geographic name entry element | Human life |
| 9 (RLIN) | 74497 |
| 650 ## - SUBJECT ADDED ENTRY--TOPICAL TERM | |
| Topical term or geographic name entry element | Time in Science |
| 9 (RLIN) | 74498 |
| 650 ## - SUBJECT ADDED ENTRY--TOPICAL TERM | |
| Topical term or geographic name entry element | Time in Western Philosophy |
| 9 (RLIN) | 74499 |
| 650 ## - SUBJECT ADDED ENTRY--TOPICAL TERM | |
| Topical term or geographic name entry element | Time in Indian Philosophy |
| 9 (RLIN) | 74500 |
| 942 ## - ADDED ENTRY ELEMENTS (KOHA) | |
| Source of classification or shelving scheme | Dewey Decimal Classification |
| Koha item type | Book |
| Withdrawn status | Lost status | Source of classification or shelving scheme | Damaged status | Not for loan | Collection code | Home library | Current library | Date acquired | Source of acquisition | Cost, normal purchase price | Total Checkouts | Full call number | Barcode | Date last seen | Cost, replacement price | Price effective from | Koha item type |
|---|---|---|---|---|---|---|---|---|---|---|---|---|---|---|---|---|---|
| Dewey Decimal Classification | Psychology | St Aloysius Library | St Aloysius Library | 03/02/2023 | Papal Seminary Pune Maharashtra 411014 | 600.00 | 115 PANT | 076446 | 03/07/2023 | 600.00 | 03/07/2023 | Book |